Πλουτάρχου ηθικά : πως αν τις διακρίνειε τον κόλακα του φίλου

Saved in:
Bibliographic Details
Main Author: Πλούταρχος, 46-120
Other Authors: Μπαξεβάνης, Νικ. Σ. (Translator)
Format: Book
Language:Greek
Published: Αθήνα : Πάπυρος, c1975
Series:Τα άπαντα των αρχαίων Ελλήνων συγγραφέων ; ; 375
Subjects:
Tags: Add Tag
No Tags, Be the first to tag this record!

MARC

LEADER 00000nam a2200000 i 4500
001 1/40856
008 961022s1975 gre d
035 |l 10025307 
040 |a GR-MY-UA  |b gre  |e aacr 
041 0 |a gre 
082 0 |a 883.3 
100 0 |a Πλούταρχος,   |d 46-120. 
245 1 0 |a Πλουτάρχου ηθικά :  |b πως αν τις διακρίνειε τον κόλακα του φίλου /  |c Πλούταρχος ; Νικ.Σ. Μπαξεβάνη 
260 |a Αθήνα :   |b Πάπυρος,   |c c1975 
300 |a 104 σ. 
490 1 |a Τα άπαντα των αρχαίων Ελλήνων συγγραφέων  |v ; 375 
500 |a Φυλλάδιο 
650 0 0 |a Greek literature, Hellenistic. 
700 1 |a Μπαξεβάνης, Νικ. Σ.  |4 trl 
830 0 |a Τα άπαντα των αρχαίων Ελλήνων συγγραφέων ;  |v ; 375 
852 |a INST  |b CHIOS  |e 19961022  |h 883.3 ΠΛΟ  |p 005200011207  |q 005200011207  |t BK  |y 0 
909 |a Χ  |b 047626